Państwa w napisie Stewart - Statystyki

Ogólne statystyki
  • Ten quiz został rozwiązany 1 890 razy
  • Średni wynik to 55 z 64
Odpowiedzi na mapie
Odpowiedzi zakodowano w zielono-czerwonej skali na mapie do tego quizu, zgodnie z poniższymi procentami.
 
Statystyki odpowiedzi
Państwo % Poprawnych
Chiny
95%
Egipt
95%
Brazylia
94%
Japonia
94%
Rosja
94%
Turcja
94%
Włochy
94%
Maroko
93%
Mongolia
93%
Algieria
92%
Arabia Saudyjska
92%
Chile
92%
Iran
92%
Grecja
91%
Izrael
91%
Kolumbia
91%
Libia
91%
Peru
91%
Wenezuela
91%
Boliwia
90%
Indie
90%
Kazachstan
90%
Pakistan
90%
Cypr
89%
Hiszpania
89%
Irak
89%
Tunezja
89%
Afganistan
88%
Ekwador
88%
Sudan
88%
Liban
87%
Nepal
87%
Niger
87%
Syria
87%
Tadżykistan
87%
Turkmenistan
87%
Uzbekistan
87%
Zjednoczone Emiraty Arabskie
87%
Czad
86%
Jordania
86%
Katar
86%
Malta
86%
Bhutan
84%
Bangladesz
82%
Mali
82%
Senegal
82%
Kirgistan
81%
Mauretania
81%
Gujana
79%
Gwinea
79%
Wybrzeże Kości Słoniowej
79%
Ghana
78%
Paragwaj
78%
Republika Zielonego Przylądka
78%
Togo
78%
Nigeria
77%
Liberia
76%
Burkina Faso
75%
Albania
72%
Sierra Leone
72%
Bahrajn
71%
Benin
71%
Kuwejt
65%
Trynidad i Tobago
61%
Nie znaleziono quizów pasujących do podanych kryteriów
Rozkład punktacji
Procent ludzi z każdym wynikiem
Percentyl według liczby udzielonych odpowiedzi
Twoja historia wyników
Nie rozwiązałeś tego quizu